U.S. Cities to States - Tile Selects #1 - Statistics

General Stats
  • This quiz has been taken 28 times
  • The average score is 54 of 60
Answer Stats
Question Tile Select % Correct
Cities in California. Atlanta No
100%
Cities in Nevada. Augusta No
100%
Cities in California. Austin No
100%
Cities in Oregon. Boise No
100%
Cities in Nevada. Boston No
100%
Cities in Oregon. Chicago No
100%
Cities in Arizona. El Paso No
100%
Cities in Arizona. Houston No
100%
Cities in Washington State. Jacksonville No
100%
Cities in Nevada. Los Angeles No
100%
Cities in Nevada. Manchester No
100%
Cities in Nevada. Miami No
100%
Cities in Arizona. New Orleans No
100%
Cities in Oregon. Raleigh No
100%
Cities in California. San Antonio No
100%
Cities in Arizona. San Diego No
100%
Cities in Oregon. Tampa No
100%
Cities in California. Taos No
100%
Cities in California. Tempe No
100%
Cities in Arizona. Albuquerque No
95%
Cities in California. Beverly Hills Yes
95%
Cities in Washington State. Charleston No
95%
Cities in California. Los Angeles Yes
95%
Cities in Washington State. Norfolk No
95%
Cities in Oregon. Omaha No
95%
Cities in Arizona. Phoenix Yes
95%
Cities in California. Roswell No
95%
Cities in Nevada. Salt Lake City No
95%
Cities in California. San Francisco Yes
95%
Cities in California. San Jose Yes
95%
Cities in Washington State. Wilmington No
95%
Cities in California. Fresno Yes
91%
Cities in Oregon. Helena No
91%
Cities in Arizona. Las Cruces No
91%
Cities in Nevada. Las Vegas Yes
91%
Cities in Washington State. Olympia Yes
91%
Cities in Oregon. Portland Yes
91%
Cities in Nevada. Reno Yes
91%
Cities in California. Sacramento Yes
91%
Cities in Washington State. Washington D.C. No
91%
Cities in Nevada. Carson City Yes
86%
Cities in Oregon. Eugene Yes
86%
Cities in Arizona. Santa Fe No
86%
Cities in Arizona. Scottsdale Yes
86%
Cities in Washington State. Seattle Yes
86%
Cities in Washington State. Spokane Yes
86%
Cities in Arizona. Tucson Yes
86%
Cities in Washington State. Columbia No
82%
Cities in Washington State. Tacoma Yes
82%
Cities in Nevada. Clarksville No
77%
Cities in Arizona. Mesa Yes
77%
Cities in Oregon. Salem Yes
77%
Cities in Nevada. Henderson Yes
73%
Cities in Oregon. Oregon City Yes
73%
Cities in Oregon. Bend Yes
68%
Cities in Nevada. Elko Yes
59%
Cities in Arizona. Sedona Yes
59%
Cities in Washington State. Vancouver Yes
59%
Cities in Washington State. Bellingham Yes
55%
Cities in Oregon. Medford Yes
55%
No matching quizzes found
Score Distribution
Percent of People with Each Score
Percentile by Number Answered
Your Score History
You have not taken this quiz